Les 10 capitales commençant par A les plus proches d'Amman - Statistiques

Statistiques générales
  • Ce quiz a été pris 101 fois
  • Le résultat moyen est 7 sur 10
Statistiques - réponses
km capitale % Correct
931 Ankara
87%
3597 Astana
77%
2573 Addis-Abeba
76%
3053 Alger
70%
2144 Achgabat
67%
1875 Asmara
67%
1989 Abou Dabi
66%
1299 Athènes
66%
3378 Amsterdam
47%
3241 Andorre-la-Vieille
41%
Aucun quiz correspondant
Distribution des résultats
% des personnes avec chaque résultat
Percentile par nombre de réponses
Votre historique - résultats
Vous n’avez pas pris ce quiz